000 00635nam a2200229Ia 4500
003 OSt
005 20221007080711.0
006 a|||||r|||| 00| 0
007 ta
008 221006b |||||||| |||| 00| 0 eng d
024 _a10,335
037 _cTextual
040 _aFLL
_cFLL
_beng
041 _2eng
_aeng
082 _aD65:4:Z1, J2
100 _aCodding George Arthur Au.
_9695280
245 0 _aInternational telecommunication union
260 _aNew York
_bArno press U.S.A.
_c1952
300 _axvi,505p
_ccm.
942 _hD65:4:Z1, J2
_cTEXL
_2CC
999 _c1160584
_d1160584